[Event "10. Forchheimer Sparkassen Open"]
[Site "Forchheim"]
[Date "2011.10.09"]
[Round "5.11"]
[White "Walter, Florian"]
[Black "Ott, Florian"]
[Result "0-1"]
[WhiteElo "2092"]
[BlackElo "1974"]
[PlyCount "70"]
[EventDate "2011.??.??"]
[WhiteTeam "SV Lauf a.d.P."]
[BlackTeam "SG Siemens Amberg"]

1. c4 g6 2. g3 Bg7 3. Bg2 d6 4. Nc3 Nf6 5. Nf3 O-O 6. O-O e5
7. d3 h6 8. Rb1 Re8 9. Nd2 c6 10. b4 Be6 11. b5 d5 12. bxc6 bxc6 13. cxd5 cxd5
14. Ba3 Bf8 15. Bxf8 Kxf8 16. Nb3 Nbd7 17. Qd2 Kg7 18. Rfc1 Rc8 19. Nb5 Qb6 20.
a4 a6 21. Na3 Rxc1+ 22. Nxc1 Qc5 23. Nc2 Rc8 24. Ne1 d4 25. Na2 Qa3 26. Nb4
Qxa4 27. Nxa6 Nd5 28. Nb4 Nc3 29. Rb2 Nc5 30. Nec2 Rb8 31. Qe1 Na6 32. e3 Nxb4
33. exd4 Nxd3 34. Qxc3 Rxb2 35. Ne3 Qxd4 0-1

[Event "10. Forchheimer Sparkassen Open"]
[Site "Forchheim"]
[Date "2011.10.09"]
[Round "5.12"]
[White "Glawe, Ralf"]
[Black "Fuchs, Gerhard"]
[Result "1/2-1/2"]
[WhiteElo "1967"]
[BlackElo "2074"]
[PlyCount "91"]
[EventDate "2011.??.??"]
[WhiteTeam "MTV Ingolstadt"]
[BlackTeam "SK Nürnberg 1911 e.V."]

1. e4 e5 2. Nf3 Nc6 3. Bb5 f5 4. d3 Nf6 5. Qe2 fxe4 6. dxe4
Bc5 7. Nc3 Nd4 8. Nxd4 Bxd4 9. Bc4 c6 10. Bg5 Qe7 11. a4 d6 12. Nd1 a5 13. c3
Bb6 14. O-O Be6 15. Qd3 O-O 16. Ne3 Bxe3 17. Bxe3 Bxc4 18. Qxc4+ Qf7 19. Qxf7+
Rxf7 20. f3 d5 21. exd5 Nxd5 22. Bf2 Re7 23. Rfe1 Rae8 24. Kf1 e4 25. fxe4 Rxe4
26. Rxe4 Rxe4 27. Bd4 b6 28. Re1 Rf4+ 29. Ke2 c5 30. Be5 Rxa4 31. Kd3 Rg4 32.
g3 Kf7 33. h3 c4+ 34. Kd2 Rg6 35. Re4 Re6 36. Re2 Kg6 37. Ke1 b5 38. Kd2 b4 39.
cxb4 axb4 40. Kd1 c3 41. Kc2 h5 42. Re1 cxb2 43. Kxb2 Kf5 44. g4+ hxg4 45.
hxg4+ Kxg4 46. Rg1+ 1/2-1/2

[Event "10. Forchheimer Sparkassen Open"]
[Site "Forchheim"]
[Date "2011.10.09"]
[Round "5.13"]
[White "Lais, Thomas"]
[Black "Bachstein, Dustin"]
[Result "1-0"]
[WhiteElo "1919"]
[BlackElo "2030"]
[PlyCount "41"]
[EventDate "2011.??.??"]
[WhiteTeam "SW Nürnberg Süd e.V."]
[BlackTeam "SC Erlangen 48/88 e.V."]

1. e4 c5 2. Nf3 d6 3. d4 cxd4 4. Nxd4 Nf6 5. Nc3 g6 6. Be3 Bg7
7. f3 O-O 8. Bc4 Nc6 9. Qd2 Bd7 10. h4 Rc8 11. Bb3 h5 12. O-O-O Ne5 13. Bh6
Bxh6 14. Qxh6 Rxc3 15. bxc3 Qc7 16. Kb1 a5 17. f4 Nfg4 18. Qg5 Nc4 19. f5 Kg7
20. Qxe7 Na3+ 21. Kb2 1-0

[Event "10. Forchheimer Sparkassen Open"]
[Site "Forchheim"]
[Date "2011.10.09"]
[Round "5.14"]
[White "Lechermann, Markus"]
[Black "Nagy, Laura"]
[Result "0-1"]
[WhiteElo "2026"]
[BlackElo "1909"]
[PlyCount "69"]
[EventDate "2011.??.??"]
[WhiteTeam "MTV Ingolstadt"]
[BlackTeam "ASK St. Valentin"]

1. d4 Nf6 2. Nf3 e6 3. Bf4 d5 4. e3 c5 5. c3 Nc6 6. Nbd2 Bd6
7. Ne5 O-O 8. Bd3 Qc7 9. Nxc6 Qxc6 10. Qf3 Re8 11. Be5 Nd7 12. Qh3 Nf8 13. O-O
f6 14. Bxd6 Qxd6 15. f4 e5 16. fxe5 Bxh3 17. exd6 Rxe3 18. Rf3 Rxf3 19. Nxf3 c4
20. Bxc4 dxc4 21. gxh3 Rd8 22. Nd2 b5 23. a4 b4 24. Nxc4 bxc3 25. b4 Ne6 26. d5
Nd4 27. Ne3 c2 28. Nxc2 Nxc2 29. Rb1 Rxd6 30. Rb2 Nd4 31. Kf2 Rxd5 32. Ke3 Rd6
33. Ke4 Nc6 34. b5 Ne5 35. a5 0-1

[Event "10. Forchheimer Sparkassen Open"]
[Site "Forchheim"]
[Date "2011.10.09"]
[Round "5.16"]
[White "Meulner, Fabian"]
[Black "Liepold, Stefan"]
[Result "0-1"]
[WhiteElo "1714"]
[BlackElo "2236"]
[PlyCount "76"]
[EventDate "2011.??.??"]
[WhiteTeam "SW Nürnberg Süd e.V."]
[BlackTeam "SC Erlangen 48/88 e.V."]

1. d4 Nf6 2. Bg5 c5 3. Bxf6 gxf6 4. d5 Qb6 5. Qc1 f5 6. g3 Bg7
7. c3 Na6 8. Bg2 Nc7 9. Nd2 O-O 10. Nh3 Qh6 11. Nc4 Qxc1+ 12. Rxc1 d6 13. Nf4
Bd7 14. O-O Bh6 15. Rcd1 Kh8 16. Ne3 Rg8 17. Kh1 Rad8 18. Rg1 b5 19. Bh3 Rg5
20. Nc2 Bc8 21. e3 e5 22. dxe6 fxe6 23. Nd3 Rgg8 24. Bg2 e5 25. a4 bxa4 26. Na3
Ba6 27. Rge1 Rb8 28. Nc1 d5 29. Kg1 e4 30. Rd2 Rg6 31. Bh3 Rgb6 32. Red1 Rxb2
33. Bxf5 Rxd2 34. Rxd2 Bg7 35. Rc2 Be5 36. Bd7 Bd3 37. Nxd3 exd3 38. Rd2 c4 0-1

[Event "10. Forchheimer Sparkassen Open"]
[Site "Forchheim"]
[Date "2011.10.09"]
[Round "5.17"]
[White "Heimrath, Reiner"]
[Black "Schmitz, Tim"]
[Result "1-0"]
[WhiteElo "2201"]
[BlackElo "1854"]
[PlyCount "63"]
[EventDate "2011.??.??"]
[WhiteTeam "SC Noris-Tarrasch Nürnberg 1873"]
[BlackTeam "SC Sendling e.V."]

1. e4 c5 2. Nc3 d6 3. d3 Nf6 4. h3 Nc6 5. Nge2 g6 6. g4 Bg7 7.
Bg2 Bd7 8. Be3 Rb8 9. Qd2 O-O 10. Bh6 b5 11. Bxg7 Kxg7 12. f4 e5 13. f5 h6 14.
Ng3 Nd4 15. Nd1 b4 16. Ne3 Bc6 17. c3 bxc3 18. bxc3 Nb5 19. a4 Nc7 20. h4 Nd7
21. Bf3 Rh8 22. Bg2 Nb6 23. fxg6 fxg6 24. h5 Ne6 25. hxg6 Nf4 26. Nh5+ Kxg6 27.
Nxf4+ exf4 28. Nf5 d5 29. Qxf4 Qf8 30. O-O dxe4 31. Nh4+ Kh7 32. Qc7+ 1-0

[Event "10. Forchheimer Sparkassen Open"]
[Site "Forchheim"]
[Date "2011.10.09"]
[Round "5.18"]
[White "Krauß, Josef"]
[Black "Pokorny, Klaus"]
[Result "1-0"]
[WhiteElo "2135"]
[BlackElo "1841"]
[PlyCount "49"]
[EventDate "2011.??.??"]
[WhiteTeam "SV Würzburg von 1865 e.V."]
[BlackTeam "TSV Kirchehrenbach"]

1. e4 e6 2. d4 d5 3. e5 c5 4. c3 Nc6 5. Nf3 Qb6 6. a3 c4 7.
Nbd2 f6 8. Be2 Nh6 9. O-O Nf7 10. exf6 gxf6 11. b3 cxb3 12. Nxb3 Bd6 13. c4 Na5
14. Nxa5 Qxa5 15. Bd2 Qd8 16. Re1 O-O 17. Bd3 dxc4 18. Bxc4 Re8 19. Qb3 Qe7 20.
Re4 Nd8 21. Rae1 a6 22. Nh4 b5 23. Nf5 Bxh2+ 24. Kh1 Qc7 25. Bd5 1-0

[Event "10. Forchheimer Sparkassen Open"]
[Site "Forchheim"]
[Date "2011.10.09"]
[Round "5.19"]
[White "Scherer, Holger"]
[Black "Üstün, Engin"]
[Result "1-0"]
[WhiteElo "2070"]
[BlackElo "1781"]
[PlyCount "46"]
[EventDate "2011.??.??"]
[WhiteTeam "SK Lauffen"]
[BlackTeam "SF Windheim e.V."]

1. e4 e5 2. f4 Bc5 3. Nf3 d6 4. Bc4 Nc6 5. c3 Nf6 6. Qe2 O-O
7. d3 a6 8. f5 d5 9. Bb3 dxe4 10. dxe4 Ng4 11. Rf1 Nxh2 12. Nxh2 Qh4+ 13. g3
Qxg3+ 14. Kd1 Rd8+ 15. Bd2 b5 16. Kc1 Bb7 17. Nf3 Rd7 18. Be3 Bf8 19. Rg1 Qh3
20. Nbd2 Rad8 21. Kc2 Nd4+ 22. cxd4 exd4 23. Bxd4 Rxd4 1-0

[Event "10. Forchheimer Sparkassen Open"]
[Site "Forchheim"]
[Date "2011.10.09"]
[Round "5.20"]
[White "Körber, Thomas"]
[Black "Nussbaumer, Johann"]
[Result "1/2-1/2"]
[WhiteElo "1783"]
[BlackElo "2050"]
[PlyCount "29"]
[EventDate "2011.??.??"]
[WhiteTeam "SF Fürth 1951 e.V."]

1. Nf3 d5 2. d4 c6 3. e3 Bg4 4. c4 e6 5. Qb3 Qb6 6. c5 Qxb3 7.
axb3 Bxf3 8. gxf3 e5 9. b4 exd4 10. exd4 g6 11. Nc3 Bg7 12. Be3 Nh6 13. Bd3 f5
14. Ne2 O-O 15. Kd2 1/2-1/2

[Event "10. Forchheimer Sparkassen Open"]
[Site "Forchheim"]
[Date "2011.10.09"]
[Round "5.21"]
[White "Wittmann, Helmut"]
[Black "Wissel, Daniel"]
[Result "1/2-1/2"]
[WhiteElo "2040"]
[BlackElo "1762"]
[PlyCount "56"]
[EventDate "2011.??.??"]
[WhiteTeam "BSG Wöhrlhaus Erlangen"]
[BlackTeam "Schachfreunde Sailauf"]

1. d4 Nf6 2. Nf3 e6 3. c4 b6 4. g3 Bb7 5. Bg2 d5 6. O-O Bd6 7.
Qa4+ Qd7 8. Qc2 Nc6 9. Nc3 O-O 10. Bg5 Nb4 11. Qb3 dxc4 12. Qxc4 Nfd5 13. Ne5
Qc8 14. Nxd5 exd5 15. Qb3 f6 16. Bd2 fxe5 17. dxe5 Bxe5 18. Bxb4 Rd8 19. f4
Bd4+ 20. e3 Bf6 21. Rad1 c6 22. e4 c5 23. e5 cxb4 24. Rxd5 Kh8 25. Rxd8+ Bxd8
26. Qf7 Qc5+ 27. Rf2 Qc1+ 28. Rf1 Qc5+ 1/2-1/2

[Event "10. Forchheimer Sparkassen Open"]
[Site "Forchheim"]
[Date "2011.10.09"]
[Round "5.22"]
[White "Stoll, Stefan"]
[Black "Karasek, Christian"]
[Result "1-0"]
[WhiteElo "1822"]
[BlackElo "2022"]
[PlyCount "61"]
[EventDate "2011.??.??"]
[WhiteTeam "SK Mering"]
[BlackTeam "SC Noris-Tarrasch Nürnberg 1873"]

1. d4 f5 2. g3 Nf6 3. Bg2 g6 4. Nf3 Bg7 5. O-O d6 6. c4 Nc6 7.
b3 Ne4 8. Bb2 O-O 9. Nc3 e6 10. e3 Re8 11. a3 d5 12. Nd2 Na5 13. Ncb1 c5 14.
cxd5 exd5 15. b4 cxb4 16. axb4 Nc4 17. Nxc4 dxc4 18. b5 Bd7 19. Nc3 Qc8 20. Rb1
a6 21. bxa6 Rxa6 22. Qc2 Nxc3 23. Bxc3 b5 24. Ra1 Rxa1 25. Rxa1 Bc6 26. d5 Bxc3
27. Qxc3 Bb7 28. Ra7 Qb8 29. Qd4 c3 30. d6 c2 31. Bd5+ 1-0

[Event "10. Forchheimer Sparkassen Open"]
[Site "Forchheim"]
[Date "2011.10.09"]
[Round "5.23"]
[White "Nigmatulin, Anatolij"]
[Black "Häusler, Yannick"]
[Result "1/2-1/2"]
[WhiteElo "1996"]
[BlackElo "1723"]
[PlyCount "23"]
[EventDate "2011.??.??"]
[WhiteTeam "SC 1868 Bamberg"]
[BlackTeam "Spvgg 1946 e.V. Stetten"]

1. e4 c5 2. Nf3 d6 3. Bb5+ Bd7 4. Bxd7+ Qxd7 5. c4 Nc6 6. d4 cxd4 7. Nxd4 Nf6
8. Nc3 g6 9. O-O Bg7 10. Nde2 O-O 11. f3 Rac8 12. Be3 1/2-1/2

[Event "10. Forchheimer Sparkassen Open"]
[Site "Forchheim"]
[Date "2011.10.09"]
[Round "5.24"]
[White "Kölbl, Wolfgang"]
[Black "Wohlfahrt, Frank"]
[Result "1/2-1/2"]
[WhiteElo "1812"]
[BlackElo "1995"]
[PlyCount "36"]
[EventDate "2011.??.??"]
[WhiteTeam "SK Klosterlechfeld"]
[BlackTeam "SG Siemens Erlangen e.V."]

1. d4 Nf6 2. Nf3 d6 3. c3 Nbd7 4. Bg5 e5 5. Nbd2 Be7 6. e4 c6
7. a4 O-O 8. Bd3 Ng4 9. Bxe7 Qxe7 10. h3 Ngf6 11. O-O Re8 12. Re1 Nf8 13. dxe5
dxe5 14. Bc4 Qc7 15. Ba2 h6 16. Nc4 Rd8 17. Qc2 Ng6 18. Ne3 Nf4 1/2-1/2

[Event "10. Forchheimer Sparkassen Open"]
[Site "Forchheim"]
[Date "2011.10.09"]
[Round "5.25"]
[White "Walter, Manfred"]
[Black "Seitz, Hans"]
[Result "0-1"]
[WhiteElo "1736"]
[BlackElo "1977"]
[PlyCount "80"]
[EventDate "2011.??.??"]
[WhiteTeam "SV Lauf a.d.P."]
[BlackTeam "SV Neustadt/Aisch 07"]

1. c4 e5 2. g3 Nf6 3. Bg2 d5 4. cxd5 Nxd5 5. Nc3 Nb6 6. Nf3
Nc6 7. O-O Be7 8. a3 O-O 9. b4 a6 10. d3 Re8 11. Bb2 Bf8 12. e3 Bf5 13. Ne1 Qd7
14. Rc1 Bh3 15. Ne4 Bxg2 16. Kxg2 Nd8 17. Qb3 Qd5 18. Qxd5 Nxd5 19. Nf3 f6 20.
Nc3 Nxc3 21. Rxc3 Ne6 22. Rd1 Rad8 23. Rcc1 Rd7 24. Kf1 Red8 25. Ke2 c5 26.
bxc5 Nxc5 27. d4 Na4 28. Ba1 Bxa3 29. Rb1 exd4 30. Nxd4 b5 31. Ne6 Rxd1 32.
Rxd1 Rxd1 33. Kxd1 Bd6 34. Kc2 Kf7 35. Nd4 Ke8 36. f3 Kd7 37. e4 Nc5 38. Nf5
Bf8 39. e5 g6 40. exf6 gxf5 0-1

[Event "10. Forchheimer Sparkassen Open"]
[Site "Forchheim"]
[Date "2011.10.09"]
[Round "5.26"]
[White "Mann, Johannes"]
[Black "Jacobi, Robin"]
[Result "1/2-1/2"]
[WhiteElo "1728"]
[BlackElo "1967"]
[PlyCount "49"]
[EventDate "2011.??.??"]
[WhiteTeam "SC Forchheim e.V."]
[BlackTeam "SV Empor Erfurt"]

1. e4 c5 2. Nc3 Nc6 3. g3 g6 4. Bg2 Bg7 5. d3 d6 6. f4 Nd4 7.
Nge2 Nh6 8. O-O f5 9. h3 O-O 10. Nd5 Rb8 11. c3 Nxe2+ 12. Qxe2 e6 13. Ne3 b5
14. Rb1 a5 15. Bd2 Re8 16. exf5 gxf5 17. Nc2 b4 18. d4 Qb6 19. Qf2 Ba6 20. Rfd1
Bd3 21. Be3 Bxc2 22. dxc5 dxc5 23. Qxc2 bxc3 24. bxc3 Qc7 25. Rxb8 1/2-1/2

[Event "10. Forchheimer Sparkassen Open"]
[Site "Forchheim"]
[Date "2011.10.09"]
[Round "5.27"]
[White "Steppuhn, Thomas"]
[Black "Wohlfahrt, Michael"]
[Result "1/2-1/2"]
[WhiteElo "1957"]
[BlackElo "1709"]
[PlyCount "45"]
[EventDate "2011.??.??"]
[WhiteTeam "SC Bavaria Regensb.1881"]
[BlackTeam "SAbt TSF Welzheim"]

1. d4 d5 2. Nf3 Nf6 3. e3 c6 4. Bd3 Bg4 5. Nbd2 e6 6. c4 Nbd7
7. Qb3 Qc7 8. O-O Be7 9. Re1 O-O 10. cxd5 exd5 11. Qc2 Rfe8 12. Ng5 Nf8 13. b3
h6 14. Ngf3 Bd6 15. Bb2 Re7 16. Ne5 Rae8 17. f4 Bc8 18. h3 N6h7 19. Nf1 f6 20.
Ng6 Rf7 21. Nh2 Ng5 22. Nf3 Ne4 23. Nxf8 1/2-1/2

[Event "10. Forchheimer Sparkassen Open"]
[Site "Forchheim"]
[Date "2011.10.09"]
[Round "5.28"]
[White "Diller, Peter"]
[Black "Kliem, Klaus-Peter"]
[Result "1-0"]
[WhiteElo "1949"]
[BlackElo "1688"]
[PlyCount "79"]
[EventDate "2011.??.??"]
[WhiteTeam "SK Rothenburg e.V."]
[BlackTeam "SF Oeffingen e.V."]

1. e4 e5 2. f4 Qh4+ 3. g3 Qe7 4. fxe5 Qxe5 5. Nc3 Bb4 6. Nf3
Qe7 7. d3 d6 8. Bd2 Nf6 9. Bg2 Nc6 10. Qe2 Bg4 11. O-O-O O-O 12. h3 Nd4 13. Qf2
Bxf3 14. Bxf3 Bc5 15. Qg2 Nd7 16. Nd5 Qd8 17. h4 c6 18. Nf4 Ne5 19. Bh5 Qd7 20.
c3 Ne6 21. d4 Nxd4 22. cxd4 Bxd4 23. Be1 c5 24. Bf2 Qa4 25. Bxd4 cxd4 26. b3
Qa3+ 27. Qb2 Rfc8+ 28. Kb1 Qxb2+ 29. Kxb2 Rc3 30. Rhg1 Rac8 31. Rd2 d3 32. Bd1
Kf8 33. Re1 h6 34. g4 g5 35. hxg5 hxg5 36. Nd5 Rc1 37. Rh1 Kg7 38. Ne7 R8c7 39.
Nf5+ Kg8 40. Rdh2 1-0

[Event "10. Forchheimer Sparkassen Open"]
[Site "Forchheim"]
[Date "2011.10.09"]
[Round "5.29"]
[White "Link, Fabian"]
[Black "Ruff, Maximilian"]
[Result "0-1"]
[WhiteElo "1666"]
[BlackElo "1949"]
[PlyCount "46"]
[EventDate "2011.??.??"]
[WhiteTeam "SC Kitzingen von 1905"]
[BlackTeam "SC Brandeck-Turm Ohlsbach e.V."]

1. c4 c5 2. g3 g6 3. Bg2 Bg7 4. Nc3 Nc6 5. e4 d6 6. d3 Nf6 7.
Nge2 O-O 8. O-O Ne8 9. Be3 Nc7 10. h3 Ne6 11. f4 Ned4 12. Rb1 a6 13. g4 Rb8 14.
f5 b5 15. b3 Qa5 16. Qd2 Bd7 17. Rf2 Nxe2+ 18. Nxe2 Qxd2 19. Bxd2 Ne5 20. Nf4
bxc4 21. dxc4 Nxc4 22. Kh1 Bd4 23. Re2 Nxd2 0-1

[Event "10. Forchheimer Sparkassen Open"]
[Site "Forchheim"]
[Date "2011.10.09"]
[Round "5.30"]
[White "Schütz, Robert"]
[Black "Winkler, Thorsten"]
[Result "0-1"]
[WhiteElo "1616"]
[BlackElo "1920"]
[PlyCount "80"]
[EventDate "2011.??.??"]
[WhiteTeam "SC Forchheim e.V."]
[BlackTeam "SG Meimsheim-Gügl."]

1. e4 d6 2. d4 Nf6 3. Nc3 e5 4. dxe5 dxe5 5. Qxd8+ Kxd8 6. Bc4 Be6 7. Bxe6 fxe6
8. f3 Nc6 9. Be3 Bd6 10. O-O-O Ke7 11. Nge2 Rhb8 12. g4 b5 13. Ng3 Na5 14. b3
Nc6 15. Nce2 a5 16. c3 Na7 17. Kb2 c5 18. a3 Nc6 19. Ra1 Nd7 20. Rhd1 Nf6 21.
Rd2 b4 22. cxb4 axb4 23. a4 Nd4 24. Bxd4 exd4 25. h3 d3 26. f4 Nxg4 27. hxg4
dxe2 28. e5 Bc7 29. Nxe2 g5 30. Rh1 Rh8 31. Rhd1 Rad8 32. Kc2 Rxd2+ 33. Rxd2
gxf4 34. Nxf4 Bxe5 35. Nh5 Rf8 36. Re2 Kd6 37. Rd2+ Bd4 38. Kd3 Kd5 39. Ke2
Rf2+ 40. Ke1 Rf3 0-1

[Event "10. Forchheimer Sparkassen Open"]
[Site "Forchheim"]
[Date "2011.10.09"]
[Round "5.31"]
[White "Körber, Christian"]
[Black "Auburger, Philipp"]
[Result "0-1"]
[WhiteElo "1586"]
[BlackElo "1919"]
[PlyCount "44"]
[EventDate "2011.??.??"]
[WhiteTeam "SF Fürth 1951 e.V."]
[BlackTeam "SC Forchheim e.V."]

1. Nf3 Nf6 2. d4 g6 3. g3 Bg7 4. Bg2 c6 5. c4 O-O 6. O-O d5 7. cxd5 cxd5 8. Nc3
e6 9. e3 b6 10. b3 Ba6 11. Ba3 Bxf1 12. Bxf8 Bxg2 13. Bxg7 Bxf3 14. Bxf6 Qxf6
15. Qc2 Nd7 16. Nb5 e5 17. Rc1 Qe6 18. Kf1 Qh3+ 19. Ke1 Qxh2 20. Nd6 Qg1+ 21.
Kd2 Qxf2+ 22. Kc3 Qxe3+ 0-1

[Event "10. Forchheimer Sparkassen Open"]
[Site "Forchheim"]
[Date "2011.10.09"]
[Round "5.32"]
[White "Luther, Helmut"]
[Black "Siegl, Adrian"]
[Result "1-0"]
[WhiteElo "1881"]
[BlackElo "1548"]
[PlyCount "89"]
[EventDate "2011.??.??"]
[WhiteTeam "SW Nürnberg Süd e.V."]
[BlackTeam "SW Nürnberg Süd e.V."]

1. d4 d5 2. Nf3 Bg4 3. c4 e6 4. Nc3 Nf6 5. Qb3 b6 6. Ne5 Bf5 7. Qb5+ Nfd7 8.
cxd5 a6 9. Qa4 exd5 10. e3 b5 11. Nxb5 axb5 12. Qxa8 Nxe5 13. dxe5 Bb4+ 14. Bd2
Bxd2+ 15. Kxd2 c6 16. Bd3 Bxd3 17. Kxd3 O-O 18. f4 Qb6 19. Qa3 Na6 20. b4 c5
21. bxc5 Nxc5+ 22. Ke2 b4 23. Qb2 Qb5+ 24. Kf3 Ne4 25. Rab1 Nc3 26. Qxc3 Qa6
27. Qxb4 Qxa2 28. Rhc1 Qa8 29. Qb7 Qa5 30. Rc8 Qa3 31. Rxf8+ Qxf8 32. Qb8 h5
33. Qxf8+ Kxf8 34. Rd1 h4 35. Rxd5 h3 36. g4 g6 37. Rd6 Ke7 38. Ke4 f5+ 39.
gxf5 gxf5+ 40. Kxf5 Kf7 41. e6+ Kg7 42. Rd7+ Kf8 43. Kf6 Ke8 44. f5 Kf8 45.
Rd8# 1-0

[Event "10. Forchheimer Sparkassen Open"]
[Site "Forchheim"]
[Date "2011.10.09"]
[Round "5.33"]
[White "Blank, Stefan"]
[Black "Mantel, Ruben"]
[Result "1-0"]
[WhiteElo "1863"]
[BlackElo "1396"]
[PlyCount "51"]
[EventDate "2011.??.??"]
[WhiteTeam "Schachclub Sulzbach"]
[BlackTeam "Spvg Zabo-Eintracht Nürnberg e.V"]

1. e4 c5 2. Nf3 Nc6 3. d3 g6 4. g3 Bg7 5. Bg2 d6 6. O-O e6 7. c3 Nge7 8. a4 O-O
9. Na3 a6 10. Nc4 e5 11. Be3 Be6 12. Ncd2 Qd7 13. Ng5 f5 14. Nxe6 Qxe6 15. Bh3
Qf7 16. f4 b6 17. Nc4 Qf6 18. Nxb6 Ra7 19. Qb3+ Kh8 20. fxe5 Nxe5 21. d4 cxd4
22. Bxd4 Rb8 23. a5 Bh6 24. exf5 Nxf5 25. Qd5 Re7 26. Nc4 1-0

[Event "10. Forchheimer Sparkassen Open"]
[Site "Forchheim"]
[Date "2011.10.09"]
[Round "5.34"]
[White "Klek, Hanna-Marie"]
[Black "Seifert, Heinz"]
[Result "1-0"]
[WhiteElo "2160"]
[BlackElo "1562"]
[PlyCount "75"]
[EventDate "2011.??.??"]
[WhiteTeam "SC Erlangen 48/88 e.V."]
[BlackTeam "1.FC Schwarzenfeld e.V."]

1. e4 c5 2. Nf3 d6 3. d4 cxd4 4. Nxd4 Nf6 5. Nc3 g6 6. Be3 Bg7 7. f3 O-O 8. Qd2
Nc6 9. O-O-O Be6 10. Kb1 a6 11. g4 Bxg4 12. fxg4 Nxg4 13. Bg1 Nce5 14. h3 Bh6
15. Qe2 Nf6 16. Be3 Bg7 17. Qd2 Rc8 18. Rg1 Qd7 19. Qg2 Rxc3 20. bxc3 Qc7 21.
Bd2 Nc4 22. Bxc4 Qxc4 23. Rde1 Rc8 24. Qe2 Qc5 25. Ka1 Nd7 26. Rb1 Nb6 27. Rg5
Qc7 28. Rb3 Nc4 29. h4 Bh6 30. Be1 Bxg5 31. hxg5 e5 32. Nf3 a5 33. Nh2 Qc6 34.
Ng4 a4 35. Rb4 a3 36. Nf6+ Kg7 37. Qh2 Rh8 38. Qh6# 1-0

[Event "10. Forchheimer Sparkassen Open"]
[Site "Forchheim"]
[Date "2011.10.09"]
[Round "5.35"]
[White "Wagner, Robert"]
[Black "Van Ginkel, Pieter"]
[Result "1/2-1/2"]
[WhiteElo "1733"]
[BlackElo "2170"]
[PlyCount "94"]
[EventDate "2011.??.??"]
[WhiteTeam "SC Forchheim e.V."]
[BlackTeam "SW Nürnberg Süd e.V."]

1. d4 d5 2. c4 e6 3. Nc3 c5 4. e3 Nc6 5. Nf3 Nf6 6. Bd3 dxc4 7. Bxc4 cxd4 8.
Nxd4 Nxd4 9. exd4 Be7 10. O-O O-O 11. Be3 a6 12. Qe2 b5 13. Bb3 Bb7 14. Rac1
Qd6 15. Rc2 Rac8 16. Rfc1 Rfd8 17. f3 Qd7 18. Qf2 g6 19. Ne2 Bd5 20. Bxd5 Nxd5
21. a3 Bf6 22. Bd2 Rxc2 23. Rxc2 Rc8 24. Rxc8+ Qxc8 25. Nc3 Nxc3 26. Bxc3 Qc4
27. g3 Qd3 28. Kg2 h5 29. Qf1 Qc2+ 30. Qf2 Qf5 31. Qe2 Qd5 32. Qe4 Qd6 33. Qa8+
Kg7 34. Bb4 Qd8 35. Qxd8 Bxd8 36. Bc3 Kf8 37. Kf2 Ke7 38. Bb4+ Kd7 39. Ke3 Kc6
40. Ke4 Bc7 41. Be7 f5+ 42. Kd3 Kd5 43. f4 Bb6 44. Bf6 a5 45. b3 a4 46. b4 Kd6
47. h4 Kd5 1/2-1/2

[Event "10. Forchheimer Sparkassen Open"]
[Site "Forchheim"]
[Date "2011.10.09"]
[Round "5.36"]
[White "Utz, Günther"]
[Black "Willim, Michael"]
[Result "0-1"]
[WhiteElo "1714"]
[BlackElo "2068"]
[PlyCount "60"]
[EventDate "2011.??.??"]
[WhiteTeam "SC Kirchseeon e.V."]
[BlackTeam "SC Erlangen 48/88 e.V."]

1. e4 e6 2. d4 d5 3. Nd2 Nf6 4. e5 Nfd7 5. f4 c5 6. c3 Nc6 7. Ndf3 Qb6 8. g3
cxd4 9. cxd4 Be7 10. Bh3 O-O 11. Ne2 f6 12. Bxe6+ Kh8 13. Bxd5 fxe5 14. fxe5
Bb4+ 15. Bd2 Ndxe5 16. O-O Bh3 17. Bxb4 Nxb4 18. Qb3 Bxf1 19. Rxf1 Nxd5 20.
Qxd5 Nxf3+ 21. Rxf3 Qxb2 22. Nf4 Rac8 23. Rf2 Qc1+ 24. Kg2 Qc6 25. Rd2 g5 26.
Qxc6 Rxc6 27. d5 Rd6 28. Ne6 Rf5 29. Nc7 Rd7 30. d6 Rf6 0-1

[Event "10. Forchheimer Sparkassen Open"]
[Site "Forchheim"]
[Date "2011.10.09"]
[Round "5.37"]
[White "Barnickel, Josef"]
[Black "Kesik, Marco"]
[Result "1-0"]
[WhiteElo "2020"]
[BlackElo "1715"]
[PlyCount "51"]
[EventDate "2011.??.??"]
[WhiteTeam "SF Windheim e.V."]
[BlackTeam "SV Blau-Gelb 1899 Hosena e.V."]

1. Nf3 Nf6 2. g3 g6 3. Bg2 Bg7 4. c4 d6 5. d4 c6 6. Nc3 O-O 7. Qc2 Nbd7 8. e4
e5 9. O-O Qc7 10. h3 h6 11. Be3 Ne8 12. Rad1 Nb6 13. c5 Nc4 14. Bc1 exd4 15.
Na4 b5 16. cxb6 axb6 17. Nxd4 Ba6 18. Rfe1 b5 19. Nc3 Bb7 20. a3 Qb6 21. Nf3
Nc7 22. Bf1 c5 23. Nxb5 Nxb5 24. Bxc4 Rad8 25. Rd3 Rfe8 26. Rb3 1-0

[Event "10. Forchheimer Sparkassen Open"]
[Site "Forchheim"]
[Date "2011.10.09"]
[Round "5.38"]
[White "Schilay, Andre"]
[Black "Gentner, Markus"]
[Result "0-1"]
[WhiteElo "1711"]
[BlackElo "1948"]
[PlyCount "80"]
[EventDate "2011.??.??"]
[WhiteTeam "SK Neumarkt e.V."]
[BlackTeam "SC Murrhardt 1948 e.V."]

1. e4 c6 2. d4 d5 3. e5 c5 4. c3 Nc6 5. Nf3 e6 6. Bd3 Bd7 7. O-O Qb6 8. dxc5
Bxc5 9. b4 Be7 10. Be3 Qc7 11. Bf4 h6 12. Qe2 g5 13. Bg3 h5 14. h3 h4 15. Bh2
Nh6 16. b5 Na5 17. Nd4 Bc5 18. f4 Qb6 19. Qf2 g4 20. Qxh4 Bxd4+ 21. Kh1 gxh3
22. gxh3 Bc5 23. Qf6 Rg8 24. Qxh6 O-O-O 25. Nd2 Rh8 26. Qg7 Rxh3 27. Nf3 Rdh8
28. a4 Bf8 29. Qg1 Bc5 30. Qg7 Be3 31. Qxf7 Nb3 32. a5 Qc5 33. b6 Nd2 34. Kg2
Nxf3 35. bxa7 Qxa7 36. a6 b5 37. Bxb5 Bxb5 38. Qxa7 Rxh2+ 39. Kg3 Rg8+ 40. Kxf3
Rh3# 0-1

[Event "10. Forchheimer Sparkassen Open"]
[Site "Forchheim"]
[Date "2011.10.09"]
[Round "5.39"]
[White "Weigert, Wilhelm"]
[Black "Jahn, Manuel"]
[Result "1-0"]
[WhiteElo "1923"]
[BlackElo "1706"]
[PlyCount "77"]
[EventDate "2011.??.??"]
[WhiteTeam "SK Kelheim 1920"]
[BlackTeam "SK Klosterlechfeld"]

1. c4 c5 2. Nf3 Nc6 3. g3 g6 4. Bg2 Bg7 5. O-O d6 6. Nc3 e5 7. d3 Nge7 8. a3
Rb8 9. Bd2 O-O 10. b4 cxb4 11. axb4 Nxb4 12. Rxa7 Nbc6 13. Ra3 f5 14. e3 h6 15.
Nd5 g5 16. Nxe7+ Nxe7 17. Ba5 b6 18. Bb4 f4 19. exf4 g4 20. Nd2 exf4 21. Be4 h5
22. Bc3 Bxc3 23. Rxc3 b5 24. d4 d5 25. cxd5 fxg3 26. hxg3 Nxd5 27. Rc5 Be6 28.
Qb1 Qd7 29. Bxd5 Bxd5 30. Qg6+ Qg7 31. Qxg7+ Kxg7 32. Rxd5 Rfd8 33. Rxd8 Rxd8
34. Nb3 Ra8 35. Nc5 Kf6 36. Rb1 Rd8 37. Rb4 Kf5 38. Rxb5 Rd5 39. Nb7 1-0

[Event "10. Forchheimer Sparkassen Open"]
[Site "Forchheim"]
[Date "2011.10.09"]
[Round "5.40"]
[White "Mager, Denis"]
[Black "Babichev, Vyacheslav"]
[Result "1-0"]
[WhiteElo "1895"]
[BlackElo "1696"]
[PlyCount "53"]
[EventDate "2011.??.??"]
[WhiteTeam "SAbt TuS Makkabi Ffm"]
[BlackTeam "SW Nürnberg Süd e.V."]

1. d4 g6 2. c4 Bg7 3. Nc3 Nf6 4. e4 d6 5. f4 e6 6. Nf3 O-O 7.
Bd3 c5 8. d5 exd5 9. cxd5 a6 10. a4 Re8 11. O-O Qb6 12. Kh1 Ng4 13. a5 Qc7 14.
h3 Nf6 15. Qc2 b5 16. axb6 Qxb6 17. Nd2 Qd8 18. Nc4 Nh5 19. Rf3 Bf8 20. Qf2 Be7
21. e5 f5 22. g3 Rf8 23. Be3 dxe5 24. fxe5 f4 25. gxf4 Nd7 26. f5 Bh4 27. Qg2
1-0